Grafová vizualizácia systému riedkych Booleovských rovníc

Uložené v:
Podrobná bibliografia
Hlavný autor: Fedorko, Martin, 1991- (Autor)
Ďalší autori: Zajac, Pavol, 1980- (Vedúci práce)
Médium: Rukopis Kniha
Jazyk:Slovak
Vydavateľské údaje: Bratislava : STU v Bratislave FEI, 2012
Predmet:
On-line prístup:VAIS
Tagy: Pridať tag
Žiadne tagy, Buďte prvý, kto otaguje tento záznam!

MARC

LEADER 00000ntm a22000003a 4500
001 stu252868
005 20150617230225.2
008 120721s2012----xo------------------slo-d
040 |a STU  |b slo 
041 0 |a slo 
044 |a xo 
100 1 |a Fedorko, Martin,  |d 1991-  |4 aut  |u E  |T FEI Fakulta elektrotechniky a informatiky  |X 64796  |U E  |Y 30  |7 A000064796 
242 0 0 |a Graph visualization of system of sparse Boolean equations  |y eng 
245 1 |a Grafová vizualizácia systému riedkych Booleovských rovníc 
260 |a Bratislava :  |b STU v Bratislave FEI,  |c 2012 
300 |a 32 s  |c CD-ROOM 
650 7 |a Applied Informatics  |2 estusub 
650 7 |a equation  |2 estusub 
650 7 |a visualization  |2 estusub 
650 7 |a graph  |2 estusub 
650 7 |a vizualizácia  |2 stusub 
650 7 |a rovnica  |2 stusub 
700 1 |a Zajac, Pavol,  |d 1980-  |4 ths  |u E050  |U FEI Fakulta elektrotechniky a informatiky  |T FEI Ústav informatiky a matematiky  |X 10218  |U E050  |Y 816  |7 A000010218 
856 4 |a info a plný text  |u http://is.stuba.sk/zp/portal_zp.pl?podrobnosti=65654  |3 VAIS 
996 |b 284ER00877  |c E*Bc-877  |l EE35  |s P  |a 0  |w stu252868_0001